Loading...
| Science - Chemistry | 0 | 9 | 1 | 1 | 85 | 60 | 91.67 | 3 | 7 | 0.00 | 0.00 |
| Science - Biology | 0 | 7 | 0 | 1 | 70 | 60 | 89.71 | 4 | 7 | 0.00 | 0.00 |
| Science - Physics | 0 | 6 | 1 | 0 | 55 | 35 | 71.50 | 4 | 6 | 0.00 | 0.00 |
| Science - Other | 0 | 3 | 0 | 0 | 30 | 26 | 47.67 | 2 | 3 | 0.00 | 0.00 |
| Literature - European | 0 | 3 | 1 | 0 | 25 | 140 | 143.67 | 0 | 2 | 0.00 | 0.00 |
| Literature - British | 0 | 2 | 0 | 2 | 20 | 137 | 138.00 | 1 | 2 | 0.00 | 0.00 |
| Mythology | 0 | 1 | 0 | 1 | 10 | 124 | 124.00 | 0 | 0 | 0.00 | 0.00 |
| Philosophy | 0 | 1 | 1 | 1 | 5 | 137 | 137.00 | 0 | 0 | 0.00 | 0.00 |
| Literature - World | 0 | 1 | 2 | 0 | 0 | 136 | 136.00 | 0 | 1 | 0.00 | 0.00 |